Antología / (Record no. 2405)
[ view plain ]
| 000 -CABECERA | |
|---|---|
| campo de control de longitud fija | 00880cam a2200241 a 4500 |
| 001 - NÚMERO DE CONTROL | |
| campo de control | 000002569 |
| 005 - FECHA Y HORA DE LA ÚLTIMA TRANSACCIÓN | |
| campo de control | 20200929150220.0 |
| 008 - DATOS DE LONGITUD FIJA--INFORMACIÓN GENERAL | |
| campo de control de longitud fija | 830622s1980 sp 001 0 spa |
| 020 ## - NÚMERO INTERNACIONAL ESTÁNDAR DEL LIBRO | |
| Número Internacional Estándar del Libro | 840004780X |
| 040 ## - FUENTE DE LA CATALOGACIÓN | |
| Centro catalogador/agencia de origen | DO-SdBNP |
| Centro/agencia transcriptor | DLC |
| Centro/agencia modificador | DLC |
| 082 ## - NÚMERO DE LA CLASIFICACIÓN DECIMAL DEWEY | |
| Número de clasificación | 868 |
| Número de documento/Ítem | C382a, 1980 |
| 100 1# - ENTRADA PRINCIPAL--NOMBRE DE PERSONA | |
| Nombre de persona | Cavia, Mariano de, |
| Fechas asociadas al nombre | 1855-1920. |
| 9 (RLIN) | 8087 |
| 245 10 - MENCIÓN DE TÍTULO | |
| Título | Antología / |
| Mención de responsabilidad, etc. | Mariano de Cavia ; estudio preliminar, notas y selección por Enrique Pardo Canalís. |
| 250 ## - MENCIÓN DE EDICIÓN | |
| Mención de edición | 2a ed. |
| 260 ## - PUBLICACIÓN, DISTRIBUCIÓN, ETC. | |
| Lugar de publicación, distribución, etc. | [Zaragoza] : |
| Nombre del editor, distribuidor, etc. | Institución "Fernando el Católico", |
| Fecha de publicación, distribución, etc. | 1980. |
| 300 ## - DESCRIPCIÓN FÍSICA | |
| Extensión | 491 p. ; |
| Dimensiones | 19 cm. |
| 440 #0 - MENCIÓN DE SERIE/PUNTO DE ACCESO ADICIONAL--TÍTULO | |
| Título | Biblioteca de autores aragoneses del siglo XIX ; |
| Designación de volumen o secuencia | 3 |
| 9 (RLIN) | 8088 |
| 504 ## - NOTA DE BIBLIOGRAFÍA, ETC. | |
| Nota de bibliografía, etc. | Incluye referencias bibliográficas: p. 95-104. |
| 650 #4 - PUNTO DE ACCESO ADICIONAL DE MATERIA--TÉRMINO DE MATERIA | |
| Término de materia o nombre geográfico como elemento de entrada | Literatura española |
| Subdivisión general | Colecciones |
| 9 (RLIN) | 4174 |
| 650 #4 - PUNTO DE ACCESO ADICIONAL DE MATERIA--TÉRMINO DE MATERIA | |
| Término de materia o nombre geográfico como elemento de entrada | Literatura española |
| 9 (RLIN) | 632 |
| 700 1# - PUNTO DE ACCESO ADICIONAL--NOMBRE DE PERSONA | |
| Nombre de persona | Pardo Canalís, Enrique. |
| 9 (RLIN) | 8089 |
| 910 ## - DATOS DE OPCIÓN DEL USUARIO (OCLC) | |
| Datos de opción del usuario | Catalogación por copia / LC |
| Estado de retiro | Estado de pérdida | Restricciones de uso | No para préstamo | Código de colección | Localización permanente | Ubicación/localización actual | Ubicación en estantería | Fecha de adquisición | Número de inventario | Total de préstamos | Signatura topográfica completa | Código de barras | Fecha visto por última vez | Precio válido a partir de | Tipo de ítem Koha |
|---|---|---|---|---|---|---|---|---|---|---|---|---|---|---|---|
| Préstamo interno | Monografías: Libros y Folletos | General | General | Depósito | 03.07.2009 | LF1 | 868 C382a, 1980 | 2569-10 | 25.06.2020 | 25.06.2020 | Préstamo interno | ||||
| Préstamo interno | Monografías: Libros y Folletos | General | General | En catalogación | 06.07.2009 | LF1 | 868 C382a, 1980 | 2569-20 | 25.06.2020 | 25.06.2020 | Préstamo interno |
